| 000 | 00628nam a2200241 a 4500 | ||
|---|---|---|---|
| 003 | AR-BaBNM | ||
| 005 | 20251128202803.0 | ||
| 008 | 082120s2002 ||||||||||||||000 | spa|| | ||
| 040 | _cAR-BaBNM | ||
| 100 | 1 | _aAreco, Lucas Braulio | |
| 245 | 0 | 0 | _aPaís de silencio |
| 260 |
_aMisiones _bEdiciones Montoya _c1981 |
||
| 300 |
_a51 p. _bil. |
||
| 490 | 0 | _aCuadernos de juglaría | |
| 650 | 4 | _aLITERATURA ARGENTINA | |
| 650 | 4 | _aLITERATURA CONTEMPORANEA | |
| 650 | 4 | _aLITERATURA FOLKLORICA | |
| 650 | 4 | _aPOESIA | |
| 655 | _aLITERATURA | ||
| 800 | 1 |
_aRodríguez, Antonio Hernán _edirector |
|
| 942 | _cBK | ||
| 998 | _cMARTIN | ||
| 999 |
_c574 _d574 |
||